Harry Potter i Kamień Filozoficzny - rozdziały - Statystyki

Ogólne statystyki
  • Ten quiz został rozwiązany 208 razy
  • Średni wynik to 9 z 17
Statystyki odpowiedzi
Rozdział Nazwa % Poprawnych
1 Chłopiec, który przeżył
86%
4 Strażnik kluczy
66%
5 Ulica pokątna
66%
7 Tiara Przydziału
56%
15 Zakazany Las
54%
11 Quidditch
53%
17 Człowiek o dwóch twarzach
51%
3 Listy od nikogo
51%
2 Znikająca szyba
51%
9 Pojedynek o północy
48%
8 Mistrz eliksirów
47%
12 Zwierciadło Ain Eingarp
47%
13 Nicolas Flamel
46%
10 Noc Duchów
45%
16 Przez klapę w podłodze
44%
6 Peron numer dziewięć i trzy czwarte
40%
14 Norweski smok kolczasty
38%
Nie znaleziono quizów pasujących do podanych kryteriów
Rozkład punktacji
Procent ludzi z każdym wynikiem
Percentyl według liczby udzielonych odpowiedzi
Twoja historia wyników
Nie rozwiązałeś tego quizu